A Quiz About Clouds - Statistics

General Stats
  • This quiz has been taken 21 times
  • The average score is 3 of 15
Answer Stats
Hint Answer % Correct
Fluffy clouds Cumulus
89%
Feather-like clouds Cirrus
74%
Temporary inability to think properly Brain cloud
21%
In a state of euphoria Cloud nine
21%
Amazon's "cloud" infrastructure service AWS (Amazon Web Services)
16%
A sudden heavy fall of rain Cloudburst
16%
City in central Minnesota St. Cloud
16%
Microsoft's "cloud" infrastructure service Azure
11%
The act of dispersing chemicals in clouds to make them produce rain Cloud seeding
11%
1970s American TV series about a New Mexico deputy marshall who moves to Manhattan McCloud
11%
1995 drama film starring Keanu Reeves A Walk in the Clouds
5%
Fruit-bearing flowering plant Cloudberry
5%
Describes hills or mountains surrounded at the top by clouds Cloud-capped
0%
In tech, use of computer services hosted in the "cloud" Cloud computing
0%
Action role-playing video game on Playstation 2 Dark Cloud
0%
No matching quizzes found
Score Distribution
Percent of People with Each Score
Percentile by Number Answered
Your Score History
You have not taken this quiz